|
|
|
|
| LEADER |
00000nam0a2200000 4500 |
| 001 |
289743 |
| 005 |
20231102000221.0 |
| 035 |
|
|
|a (RuTPU)RU\TPU\book\314258
|
| 090 |
|
|
|a 289743
|
| 100 |
|
|
|a 20150402d1962 k y0rusy50 ca
|
| 101 |
0 |
|
|a rus
|
| 102 |
|
|
|a RU
|
| 105 |
|
|
|a a z 001zy
|
| 200 |
1 |
|
|a Подземные воды и газы Сибирской платформы
|f Е. В. Ильина, Б. Н. Любомиров, Н. Я. Тычино
|g Всесоюзный нефтяной научно-исследовательский геологоразведочный институт (ВНИГРИ)
|
| 210 |
|
|
|a Ленинград
|c Гостоптехиздат
|d 1962
|
| 215 |
|
|
|a 291 с.
|c ил.
|
| 225 |
1 |
|
|a Труды ВНИГРИ
|v Вып. 189
|
| 320 |
|
|
|a Библиогр.: с. 287-290
|
| 606 |
1 |
|
|a Воды подземные
|x (геология)
|2 stltpush
|3 (RuTPU)RU\TPU\subj\68168
|9 83651
|
| 606 |
1 |
|
|a Газовые месторождения
|x Геология
|2 stltpush
|3 (RuTPU)RU\TPU\subj\4643
|9 32890
|
| 610 |
1 |
|
|a Сибирская платформа
|
| 610 |
1 |
|
|a палеозойские отложения
|
| 610 |
1 |
|
|a мезозойские отложения
|
| 610 |
1 |
|
|a геологическое строение
|
| 610 |
1 |
|
|a тектоническое строение
|
| 610 |
1 |
|
|a гидрогеологическое районирование
|
| 610 |
1 |
|
|a химизм
|
| 610 |
1 |
|
|a солевой состав
|
| 610 |
1 |
|
|a нефтегазоносность
|
| 610 |
1 |
|
|a нефтегазоносное районирование
|
| 610 |
1 |
|
|a перспективы
|
| 675 |
|
|
|a 556.3
|v 3
|
| 675 |
|
|
|a 553.981
|v 3
|
| 700 |
|
1 |
|a Ильина
|b Е. В.
|
| 701 |
|
1 |
|a Любомиров
|b Б. Н.
|
| 701 |
|
1 |
|a Тычино
|b Н. Я.
|
| 712 |
0 |
2 |
|a Всесоюзный нефтяной научно-исследовательский геологоразведочный институт (ВНИГРИ)
|c (Ленинград)
|c (1929-1991)
|2 stltpush
|3 (RuTPU)RU\TPU\col\7662
|
| 801 |
|
1 |
|a RU
|b 63413507
|c 20150402
|
| 801 |
|
2 |
|a RU
|b 63413507
|c 20170111
|g RCR
|
| 942 |
|
|
|c BK
|